000
00306nam a2200133Ia 4500
005
20251222154415.0
008
251222s9999||||xx |||||||||||||| ||spa||
082
_a
821/B16
100
_a
Bailly, Auguste
245
0
_a
Mazarino
250
_a
1ra.ed.
264
_b
Espasa-Calpe Editores, S.A.
942
_c
LIB
999
_c
35822
_d
35822